| 000 | 00720nam a22002297a 4500 | ||
|---|---|---|---|
| 003 | OSt | ||
| 005 | 20191029062536.0 | ||
| 008 | 180321b xxu||||| |||| 00| 0 spa d | ||
| 020 | _a9505722540 | ||
| 040 | _cPJ | ||
| 245 | 1 | 0 |
_aNormativa del mercado de capitales en la Argentina / _ccompilado por Roberto A. Bianchi. |
| 250 | _a2a. ed. | ||
| 260 |
_aBuenos Aires : _bZavalía, _c1993. |
||
| 300 |
_a779 p. _c20 cm. |
||
| 500 | _aNotas al pie de página. | ||
| 504 | _aBibliografía: p. 363-370. | ||
| 650 | 0 |
_9292 _aECONOMIA Y FINANZAS |
|
| 650 | 0 |
_aSISTEMA FINANCIERO _9298 |
|
| 650 | 0 |
_aMERCADO DE CAPITALES _9293 |
|
| 700 |
_aBianchi, Roberto Américo _ecompilador _9291 |
||
| 942 |
_2udc _cLIB _h336.73 _iNOR |
||
| 999 |
_c260 _d260 |
||